| 000 | 01101nam a22002417a 4500 | ||
|---|---|---|---|
| 005 | 20111102142633.0 | ||
| 008 | 111102t xxu||||| |||| 00| 0 mar d | ||
| 010 | _aMAR-21517 | ||
| 020 | _c100.00 | ||
| 035 | _aMR-14175 | ||
| 037 | _bDBAD / PUB | ||
| 040 |
_aDPL _bMR |
||
| 082 | _a891.461 | ||
| 100 |
_935655 _aबैरागी,दत्तात्रेय |
||
| 245 |
_aअश्रू / _cदत्तात्रेय बैरागी |
||
| 246 |
_aAshru _bby Duttatrey Beragi |
||
| 260 |
_aनाशिक _bदत्तात्रेय मोहनदास बैरागी _c2009 |
||
| 270 |
_aमु. जळगाव पो.काथरगाव ता.निपाड जि _bनाशिक |
||
| 300 |
_a92पृ. _b20सेमी(अजिल्द) |
||
| 700 |
_aकोळेकर,वैशाली _935682 |
||
| 942 |
_2ddc _cMR _mबैरागी _h891.461 |
||
| 999 |
_c58036 _d58036 |
||